| 000 | 00490nam a2200157Ia 4500 | ||
|---|---|---|---|
| 008 | 151021s9999 xx 000 0 und d | ||
| 020 | _a618116362 | ||
| 050 | _aLB 2343.3 D69 2002 | ||
| 245 | _a_On course strategies for creating success in college and in life(3 ed.) | ||
| 260 | _aBoston Houghton mifflin company 2002 | ||
| 300 | _axv,238p. | ||
| 500 | _aIncludes index | ||
| 500 | _aIncludes index | ||
| 650 | _a_Mastering self-management | ||
| 980 | _a^d20130507 12:08:34^oanne | ||
| 999 |
_c13073 _d13073 |
||